| 000 | 01854cam a22003734a 4500 | ||
|---|---|---|---|
| 999 |
_c527310 _d527310 |
||
| 001 | 12985083 | ||
| 003 | NUST | ||
| 005 | 20190725045209.0 | ||
| 008 | 021029s2003 enka b 001 0 eng | ||
| 010 | _a 2002042521 | ||
| 020 | _a0195148665 (alk. paper) | ||
| 038 | _awaseem | ||
| 040 |
_aDLC _cDLC _dDLC |
||
| 042 | _apcc | ||
| 050 | 0 | 0 |
_aT14.5 _b.C58 2003 |
| 082 | 0 | 0 |
_a303.4834 _bCLA |
| 100 | 1 |
_aClark, Andy, _d1957- _918468 |
|
| 245 | 1 | 0 |
_aNatural-born cyborgs : _bminds, technologies, and the future of human intelligence / _cAndy Clark. |
| 260 |
_aOxford ; _aNew York : _bOxford University Press, _cc2003. |
||
| 300 |
_aviii, 229 p. : _bill. ; _c25 cm. |
||
| 504 | _aIncludes bibliographical references and index. | ||
| 505 | 8 | _aMachine generated contents note: Introduction --CHAPTER 1 Cyborgs Unplugged --CHAPTER 2 Technologies to Bond With --CHAPTER 3 Plastic Brains, Hybrid Minds --CHAPTER 4 Where Are We? --CHAPTER 5 What Are We? --CHAPTER 6 Global Swarming --CHAPTER 7 Bad Borgs? --CHAPTER 8 Conclusions: Post-Human, Moi? --Notes --Index. | |
| 650 | 0 |
_aTechnology _xSocial aspects. _98321 |
|
| 650 | 0 |
_aNeurosciences _xSocial aspects. _918469 |
|
| 650 | 0 |
_aArtificial intelligence _xSocial aspects. _918470 |
|
| 650 | 0 |
_aHuman-computer interaction. _9601 |
|
| 650 | 0 |
_aCyborgs. _918471 |
|
| 856 | 4 | 1 |
_3Table of contents only _uhttp://www.loc.gov/catdir/toc/fy041/2002042521.html |
| 856 | 4 | 2 |
_3Publisher description _uhttp://www.loc.gov/catdir/enhancements/fy0613/2002042521-d.html |
| 856 | 4 | 2 |
_3Contributor biographical information _uhttp://www.loc.gov/catdir/enhancements/fy0726/2002042521-b.html |
| 906 |
_a7 _bcbc _corignew _d1 _eocip _f20 _gy-gencatlg |
||
| 942 |
_2ddc _cBK |
||